000 01177nam0a22002531 4500
001 rc\90579
005 20021216132108.1
035 _a(NLR Aleph) 005357037
090 _a6858041
_c6858041
100 _a20021216d1995 u |0rusy50 ca
101 0 _arus
102 _aRU
105 _aa |||||||||
200 1 _aРАСТЯЖЕНИЕ и сжатие неоднородных стержней
_eМетод. пособие по курсу "Сопротивление композиц. материалов"
_fГос. ком. РФ по высш. образованию. Перм. гос. техн. ун-т. Каф. механики композиц. материалов и конструкций
_g[Сост. С.Г. Иванов и др.]
210 _aПермь
_cПерм. гос. техн. ун-т
_d1995
215 _a21 с.
_cил.
_d20
320 _aБиблиогр.: с. 20
702 1 _aИванов
_bС. Г.
_4220
712 0 2 _aПермский техн. ун-т
_bКафедра композиционных материалов и конструкций
801 0 _aRU
_bNLR
_gpsbo
801 1 _aRU
_bELAR
_2rusmarc
852 _aNLR
_j96-4/10111
942 _cBOOK
980 _aNB